Statistieken voor "Nederland" in andere talen.

Klik hier om de quiz te nemen!

Algemene statistieken

  • Deze quiz is 495 keer genomen
    (398 sinds de laatste reset)
  • De gemiddelde score is 4 van 19

Antwoordstatistieken

TaalAntwoord% Correct
EngelsNetherlands
100%
DuitsNiederlande
83%
FransPays-Bas
74%
FriesNederlân
47%
DeensNederlandene
37%
NoorsNederland
37%
SpaansPaíses Bajos
12%
ZweedsNederländerna
9%
ItaliaansPaesi Bassi
7%
LatijnNederlandia
6%
FinsAlankomaat
5%
Sloveens, KroatischNizozemska
3%
PortugeesPaíses Baixos
3%
TsjechischNizozemsko
3%
LetsNīderlande
3%
LitouwsNyderlandai
2%
PoolsNiderlandy
2%
RoemeensȚările de Jos
2%
IersAn Ísiltír
2%

Scoreverdeling

Percentiel versus Aantal Correcte Antwoorden

Procent van Mensen met Elke Score

Uw Scoregeschiedenis

U heeft deze quiz nog niet genomen sinds de laatste reset